[Event "XVII Orsha-2019 Open"]
[Site "Orsha"]
[Date "2019.01.21"]
[Round "6"]
[White "Tihonov, Jurij"]
[Black "Strybuk, Artsiom I"]
[Result "1-0"]
[WhiteElo "2399"]
[BlackElo "2110"]
[Annotator "ChessBase"]
[PlyCount "135"]
[EventDate "2019.01.18"]
[EventType "swiss"]
[EventCountry "BLR"]
[SourceTitle "playchess.com"]
[Source "ChessBase"]
[SourceQuality "1"]
[TimeControl "5400+30"]

1. Nf3 {[%emt 0:01:46]} Nf6 {[%emt 0:00:01]} 2. c4 {[%emt 0:00:05]} g6 {[%emt 0:00:42]} 3. Nc3 {[%emt 0:00:06]} d5 {[%emt 0:01:03]} 4. cxd5 {[%emt 0:00:44]} Nxd5 {[%emt 0:00:54]} 5. h4 {[%emt 0:11:16]} Bg7 {[%emt 0:11:30]} 6. h5 {[%emt 0:01:00]} Nxc3 {[%emt 0:01:39]} 7. bxc3 {[%emt 0:09:16]} c5 {[%emt 0:01:08]} 8. g3 {[%emt 0:08:07]} b6 {[%emt 0:09:30]} 9. Bg2 {[%emt 0:00:52]} Bb7 {[%emt 0:01:16]} 10. Rb1 {[%emt 0:06:10]} Nc6 {[%emt 0:06:11]} 11. Qa4 {[%emt 0:12:24]} Qd7 {[%emt 0:03:59]} 12. Kf1 {[%emt 0:03:52]} O-O-O {[%emt 0:04:03]} 13. c4 {[%emt 0:09:01]} Ne5 {[%emt 0:14:40]} 14. Qxa7 {[%emt 0:08:32]} Bxf3 {[%emt 0:19:02]} 15. Qxd7+ {[%emt 0:00:16]} Rxd7 {[%emt 0:00:03]} 16. Bxf3 {[%emt 0:00:16]} Nxc4 {[%emt 0:00:11]} 17. d3 {[%emt 0:05:50]} Ne5 {[%emt 0:00:13]} 18. Bg2 {[%emt 0:12:02]} Kc7 {[%emt 0:01:02]} 19. Rh4 {[%emt 0:01:22]} Nc6 {[%emt 0:04:45]} 20. Ra4 {[%emt 0:00:40]} Rd4 {[%emt 0:03:09]} 21. Ra6 {[%emt 0:01:45]} Rb8 {[%emt 0:01:20]} 22. Bd2 {[%emt 0:01:59]} gxh5 {[%emt 0:02:11]} 23. a4 {[%emt 0:00:59]} Rd6 {[%emt 0:04:44]} 24. a5 {[%emt 0:02:10]} Nxa5 {[%emt 0:01:00]} 25. Bxa5 {[%emt 0:00:46]} bxa5 {[%emt 0:00:22]} 26. Ra7+ {[%emt 0:00:13]} Kc8 {[%emt 0:00:26]} 27. Rxb8+ {[%emt 0:00:57]} Kxb8 {[%emt 0:00:03]} 28. Rb7+ {[%emt 0:00:47]} Kc8 {[%emt 0:00:34]} 29. Rxe7 {[%emt 0:00:28]} Bd4 {[%emt 0:04:00]} 30. e3 {[%emt 0:00:27]} Bb2 {[%emt 0:01:59]} 31. Ke2 {[%emt 0:00:32]} a4 {[%emt 0:01:30]} 32. Rxf7 {[%emt 0:00:11]} a3 {[%emt 0:00:16]} 33. Ra7 {[%emt 0:00:10]} h4 {[%emt 0:00:57]} 34. gxh4 {[%emt 0:00:09]} Rh6 {[%emt 0:00:04]} 35. Bd5 {[%emt 0:00:38]} Rxh4 {[%emt 0:00:07]} 36. Kf3 {[%emt 0:01:26]} Rh1 {[%emt 0:01:24]} 37. Kg2 {[%emt 0:00:22]} Rd1 {[%emt 0:00:18]} 38. Bc4 {[%emt 0:00:24]} Rd2 {[%emt 0:01:00]} 39. Rxh7 {[%emt 0:00:29]} Rxd3 {[%emt 0:00:45]} 40. Bxd3 {[%emt 0:00:44]} a2 {[%emt 0:00:05]} 41. Rh1 {[%emt 0:00:08]} a1=Q {[%emt 0:00:23]} 42. Rxa1 {[%emt 0:00:07]} Bxa1 {[%emt 0:00:05]} 43. f4 {[%emt 0:00:10]} Kd7 {[%emt 0:00:04]} 44. e4 {[%emt 0:00:05]} Ke6 {[%emt 0:00:29]} 45. Kf3 {[%emt 0:01:43]} Kf6 {[%emt 0:00:32]} 46. Bc4 {[%emt 0:00:11]} Bd4 {[%emt 0:00:36]} 47. Ke2 {[%emt 0:00:22]} Ba1 {[%emt 0:00:32]} 48. Bb3 {[%emt 0:00:57]} Bb2 {[%emt 0:00:51]} 49. Kd2 {[%emt 0:00:09]} Ba1 {[%emt 0:00:35]} 50. Bd1 {[%emt 0:00:43]} Bd4 {[%emt 0:01:19]} 51. Kd3 {[%emt 0:00:54]} Bb2 {[%emt 0:00:20]} 52. Bg4 {[%emt 0:00:15]} Bd4 {[%emt 0:00:31]} 53. Kc4 {[%emt 0:00:12]} Ke7 {[%emt 0:01:24]} 54. e5 {[%emt 0:00:46]} Be3 {[%emt 0:00:30]} 55. f5 {[%emt 0:00:08]} Bg5 {[%emt 0:00:04]} 56. Kd5 {[%emt 0:00:39]} Bh4 {[%emt 0:00:36]} 57. Be2 {[%emt 0:00:21]} c4 {[%emt 0:00:17]} 58. Bxc4 {[%emt 0:00:05]} Bg5 {[%emt 0:00:15]} 59. Ke4 {[%emt 0:00:10]} Bh4 {[%emt 0:00:34]} 60. Kf4 {[%emt 0:00:12]} Kf8 {[%emt 0:00:54]} 61. f6 {[%emt 0:00:25]} Be1 {[%emt 0:00:22]} 62. e6 {[%emt 0:00:40]} Bb4 {[%emt 0:00:10]} 63. Be2 {[%emt 0:00:40]} Ba3 {[%emt 0:00:33]} 64. Bh5 {[%emt 0:00:10]} Bb4 {[%emt 0:00:48]} 65. Ke4 {[%emt 0:00:07]} Bc5 {[%emt 0:00:10]} 66. Kd5 {[%emt 0:00:09]} Bb4 {[%emt 0:00:06]} 67. Kc6 {[%emt 0:00:10]} Ba3 {[%emt 0:00:11]} 68. Kd7 {[%emt 0:00:07]} 1-0

[Event "XVII Orsha-2019 Open"]
[Site "Orsha"]
[Date "2019.01.21"]
[Round "6"]
[White "Vorobjov, Pavel"]
[Black "Kirilin, Dmitrij"]
[Result "1/2-1/2"]
[WhiteElo "2296"]
[BlackElo "2074"]
[Annotator "TA"]
[PlyCount "89"]
[EventDate "2019.01.18"]
[EventType "swiss"]
[EventCountry "BLR"]
[SourceTitle "playchess.com"]
[Source "ChessBase"]
[SourceQuality "1"]

{[%evp 20,89,74,-1,74,-14,-9,-9,45,-40,15,-46,-56,-86,-91,-125,-96,-178,0,0,0,0,0,0,48,50,56,56,80,5,0,-27,-8,-15,-8,-123,-124,-134,-127,-120,-120,-122,-104,-166,-184,-164,-146,-173,-166,-149,-141,-222,-215,-287,-193,-285,-22,-22,-8,-185,-181,-375,-8,-8,-8,-8,0,0,0,0,0,0]} 1. e4 c5 2. Nf3 d6 3. d4 cxd4 4. Nxd4 Nf6 5. Nc3 a6 6. Bg5 e6 7. f4 Nbd7 8. Qe2 Qc7 9. O-O-O Be7 {B96: Sicilian Najdorf: 6 Bg5 e6 7 f4, lines other than 7...Qb6 and 7...Be7} (9... b5 10. a3 Bb7 11. g4 Be7 12. Bh4 b4 13. axb4 a5 14. Bxf6 Nxf6 15. b5 a4 16. g5 Nxe4 17. Nxe4 d5 {½-½ (40) Adhiban,B (2677)-Nepomniachtchi,I (2751) Tbilisi 2017}) 10. g4 h6 11. Bxf6 {LiveBook: 15 Games} (11. Bh4 $1 $16) 11... gxf6 (11... Bxf6 $11 {remains equal.} 12. h4 b5) 12. Qc4 $146 (12. Kb1 $16) ({Predecessor:} 12. Bg2 Nb6 13. Rd3 Bd7 14. b3 O-O-O {1-0 (34) Hacker,J (2382)-Grewenig,J (2118) Germany 2017}) 12... Qxc4 $11 13. Bxc4 Bd8 (13... b5 $11 14. Be2 Bb7) 14. a4 (14. a3 $14) 14... Ke7 (14... Ba5 $1 $15) 15. Rd3 ({White should play} 15. Be2 $11) 15... Nc5 $15 16. Rh3 Bd7 17. b3 Ba5 18. Re1 (18. Rd1 $17) 18... Bxc3 $2 (18... Rag8 $19 19. Rg1 Bxc3 20. Rxc3 Nxe4) 19. Rxc3 $11 Rag8 20. Rg3 h5 21. g5 h4 22. gxf6+ Kxf6 23. e5+ Ke7 24. Rxg8 (24. exd6+ $16 Kxd6 25. Rc3) 24... Rxg8 25. f5 dxe5 26. fxe6 Nxe6 (26... fxe6 {is interesting.} 27. Rxe5 Kd6 28. Rh5 Rg4 29. Nf3 Bxa4 30. Rxh4 Rxh4 31. Nxh4 Bc6) 27. Nf5+ (27. Rxe5 $11 Rg2 28. Re2 Rxe2 29. Nxe2) 27... Kf6 $17 28. Nxh4 Bc6 29. Rf1+ Nf4 30. Nf3 Rh8 31. Nd4 (31. Rf2 $17) 31... Bg2 $19 ({Not} 31... exd4 32. Rxf4+ Ke5 33. Rxf7 $11) ({Worse is} 31... Rxh2 32. Nxc6 bxc6 33. Bxa6 $11) 32. Rf2 Rxh2 33. Kd2 Rh4 34. Ne2 {And now Nxf4 would win.} Bc6 35. Nxf4 (35. a5 $17 {might work better.}) 35... Rxf4 ({Resist} 35... exf4 36. c3 $17) 36. Rxf4+ exf4 $17 {[%mdl 4096] Endgame KB-KB} 37. a5 (37. Ke2 $142) 37... Ke7 $2 (37... Kf5 $1 $19 {White must now prevent ...Kg4.} 38. Bxf7 Kg4) 38. b4 $11 f6 {...Kd6 is the strong threat.} 39. Bf1 $2 {[#]} (39. Kd3 $11 {and White stays safe.}) 39... Kd6 $1 $19 40. c4 $2 {[#]} (40. c3) 40... Ke5 $2 ({Better is} 40... Be4 $1 $19 {Strongly threatening ...f5.} 41. Bh3 Ke5) 41. b5 $1 $11 {[%cal Rb5c6] The position is equal.} axb5 42. cxb5 Bd7 43. a6 bxa6 44. bxa6 {Threatens to win with Bg2.} Bc6 45. Ke1 {Accuracy: White = 24%, Black = 35%.} 1/2-1/2

[Event "XVII Orsha-2019 Open"]
[Site "Orsha"]
[Date "2019.01.21"]
[Round "6"]
[White "Aliakbarov, Anar"]
[Black "Ghevondyan, Arman"]
[Result "1/2-1/2"]
[WhiteElo "2282"]
[BlackElo "1679"]
[Annotator "TA"]
[PlyCount "83"]
[EventDate "2019.01.18"]
[EventType "swiss"]
[EventCountry "BLR"]
[SourceTitle "playchess.com"]
[Source "ChessBase"]
[SourceQuality "1"]

{[%evp 21,83,15,34,7,40,39,38,41,41,42,40,-43,124,68,58,66,69,59,81,8,4,0,0,0,0,0,0,-3,-6,-18,10,0,56,54,70,48,67,58,74,72,79,80,72,0,0,0,0,0,0,0,1,0,0,0,0,0,0,0,0,0,0,0,0,0]} 1. d4 Nf6 2. c4 g6 3. Nc3 d5 4. cxd5 Bg7 5. Nf3 Nxd5 6. e4 Nxc3 7. bxc3 O-O 8. Be3 c5 9. Qd2 Qa5 10. Rb1 cxd4 11. cxd4 Qxd2+ {LiveBook: 25 Games. D85: Exchange Grünfeld: Unusual White 7th moves and lines with 7 Nf3} 12. Nxd2 (12. Kxd2 {seems wilder.} Rd8 13. Bd3 Nc6 14. d5 Na5 15. Ke2) (12. Kxd2 Rd8 13. Bd3 Nc6 14. d5 Na5 15. Ke2 e6 16. Bg5 f6 17. Bd2 b6 18. Bxa5 bxa5 19. Bc4 exd5 20. Bxd5+ Kh8 21. Bxa8 Ba6+ {1-0 (55) Bosiocic,M (2603)-Matinian,N (2491) Minsk 2017}) 12... Nc6 13. d5 Nd4 {White is slightly better.} 14. Bd3 f5 15. e5 Bxe5 16. Rb4 $146 (16. f4 $1 $14 Bh8 17. Rb4) ({Predecessor:} 16. f4 Bg7 17. Rb4 a5 18. Rxd4 Bxd4 19. Bxd4 {1-0 (30) Hujvan,L-Kanyadi,Z (2125) Hungary 2007}) 16... a5 $2 {[#]} (16... Bd6 $1 $15 {stays ahead.} 17. Rb1 (17. Rxd4 f4 $15) 17... Bc5) 17. Ra4 (17. Bxd4 $16 {Black must now prevent Ra4.} axb4 18. Bxe5) 17... b5 $14 18. Bxd4 bxa4 19. Bxe5 Rd8 20. Bb5 ({White should play} 20. Nf1 $16) 20... Bb7 $11 21. Bc6 Bxc6 22. dxc6 Rd5 $1 {[%cal Rd5e5]} 23. f4 {aiming for Ke2.} Rc5 24. Rf1 Rxc6 {White should prevent ...Rc1+.} 25. Rf3 Rc1+ 26. Ke2 Rc2 (26... Rac8 $11) 27. Ra3 $14 Rd8 28. Bc3 {Strongly threatening Kd1.} Rc1 29. Bxa5 Rd5 30. Rxa4 e5 31. fxe5 Rxe5+ 32. Kf2 (32. Kf3 $16) 32... Rc2 $11 {The position is equal.} 33. Kf3 (33. Bb4 {is more complex.} Re4 34. Ra8+ Kf7 35. Ra7+ Kg8 36. a3) 33... Rxa5 $1 34. Rxa5 {[#] Hoping for Ke2.} Rxd2 {[%mdl 4096] Endgame KR-KR} 35. Ra7 Rc2 36. a4 g5 37. a5 Rc3+ 38. Kf2 Rc2+ 39. Kf1 Rc1+ 40. Ke2 Rc2+ 41. Kf1 Rc1+ 42. Kf2 {Precision: White = 49%, Black = 78%.} 1/2-1/2

[Event "XVII Orsha-2019 Open"]
[Site "Orsha"]
[Date "2019.01.21"]
[Round "6"]
[White "Cherepov, Alexej"]
[Black "Lazavik, Denis"]
[Result "1/2-1/2"]
[WhiteElo "2226"]
[BlackElo "2296"]
[Annotator "TA"]
[PlyCount "65"]
[EventDate "2019.01.18"]
[EventType "swiss"]
[EventCountry "BLR"]
[SourceTitle "playchess.com"]
[Source "ChessBase"]
[SourceQuality "1"]

{[%evp 19,65,-10,4,-5,22,8,21,17,28,0,0,0,0,-3,9,-3,6,4,5,0,5,-2,14,0,32,19,47,27,45,39,48,48,50,39,45,51,61,63,62,41,65,63,63,57,63,51,51,62]} 1. Nf3 d5 2. c4 c6 3. d4 Nf6 4. Nbd2 Bf5 5. g3 e6 6. Bg2 h6 7. O-O Be7 8. b3 O-O 9. Bb2 Nbd7 10. Ne5 Bh7 {LiveBook: 9 Games. D11: Slav Defence: 3 Nf3 sidelines and 3...Nf6 4 e3 Bg4} 11. e3 (11. Nd3 {looks sharper.} Ne4 12. Qc2 Rc8 13. Rfd1 Re8 14. e3) 11... Ne8 $146 ({Predecessor:} 11... a5 12. a3 Nxe5 13. dxe5 Nd7 14. cxd5 cxd5 15. e4 Nc5 16. exd5 exd5 17. Nf3 Qb6 18. Bd4 Qxb3 19. Bxc5 Qxd1 20. Rfxd1 Bxc5 21. Rxd5 {0-1 (47) McNab,C (2432)-Ftacnik,L (2545) Dresden 2015}) 12. Ndf3 Nxe5 {The position is equal.} 13. Nxe5 Nf6 14. Qe2 Nd7 15. Nf3 a5 16. Bc3 Be4 17. Bh3 Bxf3 18. Qxf3 Nf6 19. Qe2 Ne4 20. Bb2 a4 21. f3 Ng5 22. Bg2 Qb6 23. Qc2 Nh7 24. Rfd1 {White is slightly better.} Nf6 25. c5 axb3 26. axb3 ({Stronger than} 26. cxb6 bxc2 27. Rdc1 Nd7 $19) 26... Qc7 27. b4 b5 28. Bc3 Qb7 29. Qb2 Rxa1 30. Rxa1 Ra8 31. Rxa8+ Qxa8 32. Qa1 Qxa1+ 33. Bxa1 {Precision: White = 43%, Black = 40%.} 1/2-1/2

[Event "XVII Orsha-2019 Open"]
[Site "Orsha"]
[Date "2019.01.21"]
[Round "6"]
[White "Vashchilov, Sergey"]
[Black "Afonasieva, Anna"]
[Result "1-0"]
[WhiteElo "2134"]
[BlackElo "2265"]
[Annotator "TA"]
[PlyCount "71"]
[EventDate "2019.01.18"]
[EventType "swiss"]
[EventCountry "BLR"]
[SourceTitle "playchess.com"]
[Source "ChessBase"]
[SourceQuality "1"]

{[%evp 22,71,-4,-1,4,-25,-8,-34,-27,-18,14,23,17,25,18,0,0,-7,0,0,0,0,0,0,0,-46,-20,-16,-2,-108,-114,-208,-82,-50,-49,-58,-63,-53,-41,-54,178,99,77,89,181,201,204,195,29994,29995,29995,29996]} 1. Nf3 d5 2. b3 Nf6 3. Bb2 Bf5 4. g3 e6 5. Bg2 h6 6. O-O Be7 7. d3 O-O 8. c4 c6 9. Nbd2 a5 10. a3 Nbd7 11. Bc3 Bh7 {A12: English Opening: 1...c6 with b3 by White} 12. b4 {LiveBook: 12 Games} Bd6 13. c5 $146 ({Predecessor:} 13. Qb3 Qe7 14. c5 Bc7 15. Rfe1 e5 16. e4 d4 17. Bb2 axb4 18. axb4 b6 19. cxb6 Bxb6 20. Rxa8 Rxa8 {1-0 (33) Panno,O (2495)-Milos,G (2510) Santiago de Chile 1989}) 13... Bc7 {Black has an edge.} 14. Re1 e5 15. e4 dxe4 16. dxe4 Qe7 17. Nh4 Qe6 18. Bf1 axb4 19. axb4 b6 20. Bc4 Qe7 21. cxb6 Nxb6 22. Bb3 Bd6 23. Ra5 Bxb4 24. Rxe5 Qd6 25. Qf3 (25. Qc1 $11 {remains equal.}) 25... Nbd7 $17 26. Nc4 (26. Rf5 $17 Bxc3 27. Qxc3) 26... Qb8 (26... Nxe5 $19 27. Bxe5 Qe6) 27. Rf5 Bxf5 28. Nxf5 Bxc3 29. Qxc3 Nc5 30. Bc2 Na4 $2 (30... Ra2 $15 {stays ahead.}) 31. Qd2 ({White should play} 31. Nxh6+ $1 $18 gxh6 32. Qxf6) 31... Rd8 $16 32. Ncd6 Ne8 {[#]} (32... Rxd6 $16 33. Nxd6 Nc5) 33. e5 $1 $40 {[%cal Be4e5,Be5d6][%mdl 160] White is out for blood.} Nxd6 34. exd6 ({Worse is} 34. Nxd6 Nc5 $15) 34... g6 $2 (34... Qb2 $18) 35. Qxh6 {[%csl Gf5][%cal Rh6g7]} gxf5 36. Bxf5 {Precision: White = 53%, Black = 36%.} 1-0

[Event "XVII Orsha-2019 Open"]
[Site "Orsha"]
[Date "2019.01.21"]
[Round "6"]
[White "Papunidi, Matvey"]
[Black "Shkalov, Oleg"]
[Result "0-1"]
[WhiteElo "2113"]
[BlackElo "2225"]
[Annotator "NA RC"]
[PlyCount "80"]
[EventDate "2019.01.18"]
[EventType "swiss"]
[EventCountry "BLR"]
[SourceTitle "playchess.com"]
[Source "ChessBase"]
[SourceQuality "1"]
[TimeControl "5400+30"]

1. e4 {[%emt 0:00:00]} g6 {[%emt 0:02:31]} 2. d4 {[%emt 0:00:00]} Bg7 {[%emt 0:00:01]} 3. Nc3 {[%emt 0:00:00]} c5 {[%emt 0:00:27]} 4. Nf3 {[%emt 0:00:54]} cxd4 {[%emt 0:00:06]} 5. Nxd4 {[%emt 0:00:04]} Nc6 {[%emt 0:00:06]} 6. Be3 {[%emt 0:00:05]} Nf6 {[%emt 0:00:21]} 7. Nxc6 {[%emt 0:01:14]} bxc6 {[%emt 0:00:02]} 8. e5 {[%emt 0:00:08]} Ng8 {[%emt 0:15:59]} 9. Bd4 {[%emt 0:00:09]} f6 {[%emt 0:00:55]} 10. f4 {[%emt 0:10:48]} Qa5 {[%emt 0:00:31]} 11. Qe2 {[%emt 0:02:26]} c5 {[%emt 0:03:57] B34: Sicilian: Accelerated Dragon with 5 Nc3: sidelines} (11... fxe5 12. Bxe5 Nf6 13. Qc4 Qb6 14. O-O-O d6 15. Bd4 c5 16. Nd5 Qd8 17. Nxf6+ Bxf6 18. Bxf6 exf6 19. Qe4+ {1-0 (19) Baklan,V (2604)-Patrascu,C (2280) Baile Govora 2017}) 12. Bf2 {[%emt 0:18:58]} Rb8 {[%emt 0:04:00]} 13. Rb1 {[%emt 0:05:06]} Rxb2 {[%emt 0:02:20]} 14. Qd2 $146 {[%emt 0:00:26]} ({Predecessor:} 14. Rxb2 Qxc3+ 15. Qd2 Qxb2 16. Be2 Qa1+ 17. Bd1 fxe5 18. O-O exf4 19. Qxf4 Qe5 20. Qc4 Nf6 21. Bxc5 Qd5 22. Qb4 a5 23. Qa3 d6 {0-1 (23) Gaede,D-Regert,C Lingen 1996}) 14... Rxb1+ {[%emt 0:01:06]} 15. Nxb1 {[%emt 0:00:02]} Qxa2 {[%emt 0:02:49]} 16. Qc1 {[%emt 0:00:51]} fxe5 {[%emt 0:05:44]} 17. fxe5 {[%emt 0:00:02]} Qd5 {[%emt 0:02:07]} 18. Qe3 {[%emt 0:01:47]} Qxe5 {[%emt 0:04:40]} 19. Qxe5 {[%emt 0:00:03]} Bxe5 {[%emt 0:00:02]} 20. Bxc5 {[%emt 0:00:05]} a6 {[%emt 0:03:33]} 21. Bd3 {[%emt 0:04:36]} d6 {[%emt 0:03:58]} 22. Ba3 {[%emt 0:01:40]} Nh6 {[%emt 0:02:38]} 23. Be4 {[%emt 0:03:53]} O-O {[%emt 0:03:36]} 24. Nd2 {[%emt 0:00:44]} Rf4 {[%emt 0:05:58]} 25. Bd5+ {[%emt 0:01:04]} e6 {[%emt 0:05:57]} 26. Bc6 {[%emt 0:00:16]} Rf7 {[%emt 0:07:12]} 27. Nf3 {[%emt 0:03:55]} Bc3+ {[%emt 0:02:44]} 28. Ke2 {[%emt 0:00:08]} Rc7 {[%emt 0:01:13]} 29. Ba4 {[%emt 0:00:26]} Nf7 {[%emt 0:00:53]} 30. Rb1 {[%emt 0:02:47]} Kf8 {[%emt 0:01:01]} 31. Rb6 {[%emt 0:02:26] [#]} Ke7 $1 {[%emt 0:01:27]} 32. g3 {[%emt 0:12:33]} Bb7 {[%emt 0:02:35]} 33. Nd2 {[%emt 0:00:47]} Bd4 {[%emt 0:00:25]} 34. Rb1 {[%emt 0:00:29]} Ne5 {[%emt 0:03:14]} 35. Bb2 {[%emt 0:05:54]} Bxb2 {[%emt 0:00:31]} 36. Rxb2 {[%emt 0:02:00]} Bc6 {[%emt 0:00:20]} 37. Bxc6 {[%emt 0:00:34]} Nxc6 {[%emt 0:00:43]} 38. Ne4 {[%emt 0:00:27]} d5 {[%emt 0:01:53]} 39. Ng5 {[%emt 0:00:15]} h6 {[%emt 0:00:15]} 40. Nh3 {[%emt 0:00:05]} e5 $19 {[%emt 0:00:37]} 0-1

[Event "XVII Orsha-2019 Open"]
[Site "Orsha"]
[Date "2019.01.21"]
[Round "6.11"]
[White "Mihajlovskij, Sergei"]
[Black "Bury, Gleb M"]
[Result "1-0"]
[WhiteElo "2406"]
[BlackElo "1961"]
[PlyCount "86"]
[EventDate "2019.01.18"]
[EventType "swiss"]
[EventCountry "BLR"]
[TimeControl "5400+30"]

1. Nf3 Nf6 2. c4 g6 3. Nc3 Bg7 4. d4 d5 5. cxd5 Nxd5 6. Bd2 O-O 7. h4 c5 8. dxc5 Nxc3 9. Bxc3 Bxc3+ 10. bxc3 Qxd1+ 11. Rxd1 Be6 12. h5 Nc6 13. a3 Rfd8 14. Nd4 Bd5 15. hxg6 hxg6 16. f3 e5 17. Nb5 Bb3 18. Rb1 Na5 19. Rh4 Rac8 20. Rb4 Rxc5 21. Nxa7 Bc4 22. Rb6 Ra8 23. Nb5 Bxb5 24. R6xb5 Rxc3 25. Rxe5 Rxa3 26. Kf2 Rc8 27. Kg3 Rc7 28. Reb5 Rc2 29. e4 Raa2 30. e5 Kg7 31. Rd5 Rd2 32. Rxd2 Rxd2 33. f4 Ra2 34. Rb6 Ra3+ 35. Kg4 Kf8 36. g3 Ra2 37. Kg5 Ke7 38. g4 Ra3 39. Rb5 Kd7 40. Bg2 Kc7 41. Bd5 Nc6 42. Bxf7 Nd4 43. Rd5 Ne2 1-0

[Event "XVII Orsha-2019 Open"]
[Site "Orsha"]
[Date "2019.01.21"]
[Round "6.12"]
[White "Egorenkov, Igor"]
[Black "Bogacheva, Anna"]
[Result "1-0"]
[WhiteElo "2213"]
[BlackElo "1955"]
[PlyCount "55"]
[EventDate "2019.01.18"]
[EventType "swiss"]
[EventCountry "BLR"]
[TimeControl "5400+30"]

1. e4 c5 2. Nf3 g6 3. c4 Bg7 4. d4 cxd4 5. Nxd4 Qb6 6. Nb3 Nc6 7. Nc3 Qb4 8. Bd2 Qd6 9. c5 Qb8 10. Qc1 b6 11. cxb6 axb6 12. f4 Nh6 13. Bb5 Ba6 14. O-O f5 15. e5 Bxb5 16. Nxb5 O-O 17. e6 Na5 18. exd7 Nxb3 19. axb3 Rxa1 20. Qc4+ Nf7 21. Rxa1 Bxb2 22. Ra7 Bf6 23. Be3 Kg7 24. Qc7 g5 25. Nd4 Qxc7 26. Ne6+ Kh6 27. Rxc7 Ra8 28. fxg5+ 1-0

[Event "XVII Orsha-2019 Open"]
[Site "Orsha"]
[Date "2019.01.21"]
[Round "6.13"]
[White "Stashis, Anna"]
[Black "Paniagua Chnelik, Sebastian"]
[Result "1-0"]
[WhiteElo "1931"]
[BlackElo "2188"]
[PlyCount "111"]
[EventDate "2019.01.18"]
[EventType "swiss"]
[EventCountry "BLR"]
[TimeControl "5400+30"]

1. e4 e5 2. Nf3 Nc6 3. d4 exd4 4. Nxd4 Nf6 5. Nxc6 bxc6 6. e5 Qe7 7. Qe2 Nd5 8. Nd2 g5 9. Ne4 h6 10. c4 Ba6 11. Qg4 Nb4 12. Nf6+ Kd8 13. Qe4 Bg7 14. a3 Nc2+ 15. Qxc2 Bxf6 16. Be2 Qxe5 17. O-O Re8 18. Bd3 Ke7 19. Qa4 Bb7 20. Qb4+ Qd6 21. Qxb7 Qxd3 22. Qxc7 Kf8 23. Be3 Be5 24. Qa5 Qxc4 25. Rad1 d5 26. b3 Qxb3 27. Qc5+ Kg7 28. Qxc6 Qxa3 29. Rxd5 Qc3 30. Rc5 Qb2 31. Rb5 Qc3 32. Rc5 Qd3 33. Rxe5 Rxe5 34. Qxa8 a5 35. Qa7 Rd5 36. h3 h5 37. Rc1 g4 38. Qb8 gxh3 39. Qg3+ Kh7 40. Rc6 Qd1+ 41. Kh2 Qg4 42. Qxg4 hxg4 43. gxh3 Rh5 44. h4 Rxh4+ 45. Kg3 Rh5 46. Kxg4 Rb5 47. Rc5 Rb4+ 48. Kf5 a4 49. Kf6 Rb8 50. Kxf7 Rb7+ 51. Ke6 Rb6+ 52. Kd5 Ra6 53. Rc7+ Kg6 54. Ra7 Rxa7 55. Bxa7 a3 56. Ke4 1-0

[Event "XVII Orsha-2019 Open"]
[Site "Orsha"]
[Date "2019.01.21"]
[Round "6.14"]
[White "Naumovich, Yaroslav"]
[Black "Galkin, Gleb"]
[Result "1/2-1/2"]
[WhiteElo "1915"]
[BlackElo "2156"]
[PlyCount "114"]
[EventDate "2019.01.18"]
[EventType "swiss"]
[EventCountry "BLR"]
[TimeControl "5400+30"]

1. e4 e5 2. Nf3 Nc6 3. Bc4 Bc5 4. d3 Nf6 5. O-O d6 6. Be3 Bb6 7. h3 Be6 8. Nbd2 O-O 9. Re1 Bxe3 10. fxe3 Bxc4 11. Nxc4 b5 12. Ncd2 d5 13. Qe2 Rb8 14. c3 dxe4 15. Nxe4 Nxe4 16. dxe4 Qf6 17. Rad1 Qg6 18. Qc2 Rfd8 19. b3 Qe6 20. Re2 f6 21. Red2 Rxd2 22. Rxd2 Kf7 23. Qd1 Ke7 24. Rd5 b4 25. Qd3 bxc3 26. Qxc3 Rd8 27. Qc5+ Rd6 28. Nd2 Kf7 29. Nc4 Rd7 30. b4 a6 31. b5 Nb8 32. a4 axb5 33. axb5 Rxd5 34. exd5 Qe7 35. Qa7 Qb4 36. Qxc7+ Kg6 37. Qxb8 Qxc4 38. Qe8+ Kh6 39. Qc6 Qb4 40. Qc1 Qxb5 41. Qd2 Qd7 42. d6 g6 43. Qd5 Kg7 44. Kh2 Kf8 45. Kg3 Kg7 46. Kf3 Qf5+ 47. Ke2 Qd7 48. g4 h5 49. g5 fxg5 50. Qxe5+ Kf7 51. Qd5+ Qe6 52. Qc6 Qa2+ 53. Kd3 Qb1+ 54. Ke2 Qb2+ 55. Kf3 Qf6+ 56. Ke4 Qf5+ 57. Kd4 Ke6 1/2-1/2

[Event "XVII Orsha-2019 Open"]
[Site "Orsha"]
[Date "2019.01.21"]
[Round "6.15"]
[White "Runets, Ivan"]
[Black "Vainerchuk, Barys"]
[Result "1/2-1/2"]
[WhiteElo "2118"]
[BlackElo "1907"]
[PlyCount "102"]
[EventDate "2019.01.18"]
[EventType "swiss"]
[EventCountry "BLR"]
[TimeControl "5400+30"]

1. d4 f5 2. g3 Nf6 3. Bg2 d6 4. d5 e5 5. dxe6 c6 6. Nf3 Bxe6 7. O-O Be7 8. Nd4 Qd7 9. Nxe6 Qxe6 10. Nd2 O-O 11. c4 Na6 12. b3 Rad8 13. Bb2 Ne4 14. a3 d5 15. Nxe4 dxe4 16. Qc2 Rd7 17. Rad1 Rfd8 18. Bc1 Bf6 19. f3 e3 20. f4 Bd4 21. b4 Nc7 22. Rd3 Ne8 23. Qb3 Nf6 24. Bf3 Ne4 25. Kg2 c5 26. b5 Qf6 27. Bxe4 fxe4 28. Rdd1 Qe6 29. Bxe3 Bxe3 30. Rxd7 Rxd7 31. Qxe3 b6 32. Qb3 Rd2 33. Qe3 Rd7 34. Rc1 Rd4 35. Qb3 Qd7 36. Qe3 Kf8 37. Rc2 Qe6 38. Qb3 Kf7 39. a4 Rd1 40. Rc3 Rd2 41. Rc2 e3 42. Rxd2 Qe4+ 43. Kh3 exd2 44. Qd1 Qe3 45. Kg2 Qc3 46. e4 g6 47. Kf2 Qd4+ 48. Ke2 Qxe4+ 49. Kxd2 Qd4+ 50. Ke1 Qg1+ 51. Kd2 Qd4+ 1/2-1/2

[Event "XVII Orsha-2019 Open"]
[Site "Orsha"]
[Date "2019.01.21"]
[Round "6.16"]
[White "Navumenka, Mikhei"]
[Black "Spizharny, Mikhail"]
[Result "1-0"]
[WhiteElo "2104"]
[BlackElo "1923"]
[PlyCount "87"]
[EventDate "2019.01.18"]
[EventType "swiss"]
[EventCountry "BLR"]
[TimeControl "5400+30"]

1. d4 Nf6 2. c4 c6 3. Nc3 d5 4. Nf3 dxc4 5. a4 Bf5 6. g3 Nbd7 7. Bg2 e6 8. O-O Be7 9. Nd2 Nb6 10. a5 Nbd5 11. Nxc4 Nb4 12. a6 bxa6 13. Ne5 Rc8 14. e4 Bg6 15. f4 Nd7 16. Nc4 h6 17. Be3 O-O 18. Rf2 Nf6 19. Ne5 Bh7 20. Rd2 Qc7 21. h4 Rfd8 22. Qe2 c5 23. Rad1 Nd7 24. Nxd7 Rxd7 25. d5 Rcd8 26. dxe6 fxe6 27. Qc4 Kf7 28. Bh3 Qc6 29. Qxe6+ Qxe6 30. Bxe6+ Kxe6 31. f5+ Kf7 32. Rxd7 Rxd7 33. Rxd7 Nc6 34. Nd5 Ke8 35. Rc7 Bd6 36. Rxc6 Bxg3 37. Rxa6 Bxh4 38. Bxc5 Bd8 39. Rxa7 Bg8 40. Nf4 Bf7 41. Ne6 Bxe6 42. fxe6 g5 43. Rg7 Bf6 44. Rg8# 1-0